| 000 | 00383nam a2200121Ia 4500 | ||
|---|---|---|---|
| 008 | 220615s9999||||xx |||||||||||||| ||und|| | ||
| 245 | 0 | _aComputational Models in Engineering | |
| 546 | _aEnglish[eng] | ||
| 650 | _aComputer modelling & simulation | ||
| 700 | _aVolkov, Konstantin | ||
| 856 | _uhttps://mts.intechopen.com/storage/books/7678/authors_book/authors_book.pdf | ||
| 942 | _cEB | ||
| 999 |
_c11643 _d11643 |
||